Stresové testování úrokového rizika

Stresové testovanie je kľúčovým nástrojom pre hodnotenie odolnosti bankového sektora proti rôznym ekonomickým šokom a krízovým situáciám. V Európskej únii je stresové testovanie starostlivo regulované a koordinované. V rámci EÚ sa objavujú diskusie o potrebe ďalšieho zdokonalenia týchto testov, napr...

Ausführliche Beschreibung

Gespeichert in:
Bibliographische Detailangaben
1. Verfasser: Kubátová, Klára
Format: Buchkapitel
Sprache:Tschechisch
Schlagworte:
Tags: Tag hinzufügen
Keine Tags, Fügen Sie das erste Tag hinzu!

MARC

LEADER 00000naa a2200000 4500
001 0301333
005 20240611074714.6
041 0 |a cze 
044 |a CZ 
245 1 0 |a Stresové testování úrokového rizika  |c Klára Kubátová 
520 |a Stresové testovanie je kľúčovým nástrojom pre hodnotenie odolnosti bankového sektora proti rôznym ekonomickým šokom a krízovým situáciám. V Európskej únii je stresové testovanie starostlivo regulované a koordinované. V rámci EÚ sa objavujú diskusie o potrebe ďalšieho zdokonalenia týchto testov, napríklad zahrnutím rizík spojených so zmenou klímy alebo kybernetických útokov do testovania. 
610 2 0 |a bankovníctvo 
610 2 0 |a banky 
610 2 0 |a testovanie stresové 
610 2 0 |a regulácia 
610 2 0 |a primeranosť kapitálová 
610 2 0 |a likvidita 
610 2 0 |a riziko 
610 2 0 |a šoky hospodárske 
610 2 0 |a zisk 
610 2 0 |a analýzy 
610 2 0 |a smernice 
610 2 0 |a Európska únia 
100 1 |a Kubátová, Klára